【プロ野球】2025年の阪神タイガースの選手 - Statistics

General Stats
  • This quiz has been taken 179 times
    167 since last reset
  • The average score is 44 of 70
Answer Stats
Hint Answer % Correct
12 坂本誠志郎
97%
8 佐藤輝明
96%
2 梅野隆太郎
94%
3 大山悠輔
94%
5 近本光司
94%
1 森下翔太
92%
35 才木浩人
89%
69 石井大智
88%
0 木浪聖也
88%
41 村上頌樹
87%
51 中野拓夢
87%
13 岩崎優
86%
38 小幡竜平
83%
4 熊谷敬宥
81%
00 ゲラ
79%
27 伊藤将司
78%
39 榮枝裕貴
77%
20 デュプランティエ
76%
33 糸原健斗
76%
58 前川右京
76%
25 渡邉諒
74%
94 原口文仁
74%
49 大竹耕太郎
73%
68 中川勇斗
73%
95 ヘルナンデス
73%
18 伊原陵人
71%
16 西勇輝
70%
47 桐敷拓馬
70%
15 西純矢
69%
37 及川雅貴
69%
98 佐藤蓮
67%
53 島田海吏
67%
29 髙橋遥人
66%
14 岩貞祐太
65%
57 長坂拳弥
65%
62 植田海
64%
60 小野寺暖
64%
32 井上広大
61%
99 ビーズリー
60%
85 ドリス
58%
19 下村海翔
57%
46 島本浩也
57%
59 藤田健斗
54%
52 山田脩也
54%
67 髙寺望夢
53%
30 門別啓人
52%
36 畠世周
52%
65 湯浅京己
52%
42 ネルソン
50%
97 野口恭佑
50%
28 今朝丸裕喜
49%
43 町田隼乙
49%
26 椎葉剛
48%
61 豊田寛
48%
24 工藤泰成
46%
50 富田蓮
46%
64 岡留英貴
44%
63 石黒佑弥
43%
40 井坪陽生
43%
55 楠本泰史
43%
82 ハートウィグ
41%
44 戸井零士
40%
34 漆原大晟
39%
92 川原陸
39%
31 早川太貴
38%
48 茨木秀俊
37%
56 百﨑蒼生
37%
45 佐野大陽
32%
54 木下里都
31%
66 津田淳哉
26%
No matching quizzes found
Score Distribution
Percent of People with Each Score
Percentile by Number Answered
Your Score History
You have not taken this quiz since the last reset